Hill and Redman's law of landlord and tenant (Record no. 89606)
[ view plain ]
| 000 -LEADER | |
|---|---|
| fixed length control field | 02728cam a2200481 4500 |
| 008 - FIXED-LENGTH DATA ELEMENTS--GENERAL INFORMATION | |
| fixed length control field | 090401t1988 xxu||||| |||| 00| 0 eng d |
| 020 ## - INTERNATIONAL STANDARD BOOK NUMBER | |
| International Standard Book Number | 0406227403 |
| 035 ## - SYSTEM CONTROL NUMBER | |
| System control number | (Sirsi) u31572 |
| 041 0# - LANGUAGE CODE | |
| Language code of text/sound track or separate title | eng |
| 050 04 - LIBRARY OF CONGRESS CALL NUMBER | |
| Classification number | 346.410434 $2 18 |
| 100 1# - MAIN ENTRY--PERSONAL NAME | |
| Personal name | Hill, Harold Arthur |
| 245 00 - TITLE STATEMENT | |
| Title | Hill and Redman's law of landlord and tenant |
| 250 ## - EDITION STATEMENT | |
| Edition statement | 18th ed. |
| 260 ## - PUBLICATION, DISTRIBUTION, ETC. | |
| Place of publication, distribution, etc. | London |
| Name of publisher, distributor, etc. | Butterworths |
| Date of publication, distribution, etc. | 1988 |
| 300 ## - PHYSICAL DESCRIPTION | |
| Extent | 6 |
| Type of unit | v. (loose-leaf) |
| Dimensions | 25cm. |
| 350 ## - PRICE (NR) (BK AM CF MU VM SE) [OBSOLETE] | |
| Price | 15.50 |
| 505 2# - FORMATTED CONTENTS NOTE | |
| Formatted contents note | The relationship of landlord and tenant -- Leases and agreements for leases -- Demised premises -- Assignment and devolution of leases -- Restrictions upon dealing with leases -- Rent -- Rent reviews -- Service charges -- Distress -- Liability for the physical condition of the demised property -- Rights and liabilities of the parties -- Effect of insolvency or receivership -- Options -- Determination of the tenancy -- Possession -- Value added tax -- Stamp duty |
| 505 2# - FORMATTED CONTENTS NOTE | |
| Formatted contents note | Business tenancies -- Private sector residential tenancies |
| 505 2# - FORMATTED CONTENTS NOTE | |
| Formatted contents note | Public sector residential tenancies -- Long leases |
| 505 2# - FORMATTED CONTENTS NOTE | |
| Formatted contents note | Agricultural tenancies -- General precedents -- Commonhold |
| 520 ## - SUMMARY, ETC. | |
| Summary, etc. | This work covers matters related to tenancy law. It focuses on the landlord-tenant relationship including financial responsibilities, the extent of leases, liability for property condition and possession of property and land. Business tenancies, public sector residential tenancies and agricultural tenancies are all covered. Includes tables of statutes, statutory instruments and cases. |
| 520 ## - SUMMARY, ETC. | |
| Summary, etc. | This looseleaf is up-to-date as at August 2009. We have cancelled our subscription and will remove this title from our collection when it becomes out-of-date. Please ask a member of staff for more details. |
| 651 #4 - SUBJECT ADDED ENTRY--GEOGRAPHIC NAME | |
| Geographic name | England and Wales |
| Chronological subdivision | 1543- |
| 690 ## - LOCAL SUBJECT ADDED ENTRY--TOPICAL TERM (OCLC, RLIN) | |
| Topical term or geographic name as entry element | PROPERTY-LANDLORD AND TENANT |
| 700 1# - ADDED ENTRY--PERSONAL NAME | |
| Personal name | Furber, John |
| Relator term | General Editor |
| 700 1# - ADDED ENTRY--PERSONAL NAME | |
| Personal name | Barnes, Michael |
| Relator term | Specialist Editor |
| 700 1# - ADDED ENTRY--PERSONAL NAME | |
| Personal name | Clark, Wayne |
| Relator term | Specialist Editor |
| 700 1# - ADDED ENTRY--PERSONAL NAME | |
| Personal name | Cole, Edward |
| Relator term | Specialist Editor |
| 700 1# - ADDED ENTRY--PERSONAL NAME | |
| Personal name | Dilhorne, John Mervyn Manningham-Buller |
| Titles and other words associated with a name | Viscount |
| Dates associated with a name | 1932- |
| 700 1# - ADDED ENTRY--PERSONAL NAME | |
| Personal name | Harper, Joseph |
| Relator term | Specialist Editor |
| 700 1# - ADDED ENTRY--PERSONAL NAME | |
| Personal name | Harry, Timothy |
| Relator term | Specialist Editor |
| 700 1# - ADDED ENTRY--PERSONAL NAME | |
| Personal name | Karas, Jonathan |
| Relator term | Specialist Editor |
| 700 1# - ADDED ENTRY--PERSONAL NAME | |
| Personal name | Lamont, Camilla |
| Relator term | Specialist Editor |
| 700 1# - ADDED ENTRY--PERSONAL NAME | |
| Personal name | Male, John |
| Relator term | Specialist Editor |
| 700 1# - ADDED ENTRY--PERSONAL NAME | |
| Personal name | Matthews, Paul |
| Relator term | Specialist Editor |
| 700 1# - ADDED ENTRY--PERSONAL NAME | |
| Personal name | Oakes, Alison |
| Relator term | Specialist Editor |
| 700 1# - ADDED ENTRY--PERSONAL NAME | |
| Personal name | Taggart, Nicholas |
| Relator term | Specialist Editor |
| 700 1# - ADDED ENTRY--PERSONAL NAME | |
| Personal name | Moss, Joanne R |
| Relator term | Consultant Editor |
| 700 1# - ADDED ENTRY--PERSONAL NAME | |
| Personal name | Anderson, Charlie |
| Relator term | Precedents Editor |
| 700 1# - ADDED ENTRY--PERSONAL NAME | |
| Personal name | Jessel, Christopher |
| Relator term | Precedents Editor |
| 942 ## - ADDED ENTRY ELEMENTS (KOHA) | |
| Suppress in OPAC | 0 |
| 948 ## - LOCAL PROCESSING INFORMATION (OCLC); SERIES PART DESIGNATOR (RLIN) | |
| c (OCLC) | 04/03/1997 |
| Withdrawn status | Lost status | Source of classification or shelving scheme | Damaged status | Not for loan | Home library | Current library | Shelving location | Date acquired | Total Checkouts | Full call number | Barcode | Date last seen | Copy number | Price effective from | Koha item type |
|---|---|---|---|---|---|---|---|---|---|---|---|---|---|---|---|
| Dewey Decimal Classification | London | London | Books | 25/09/2002 | 346.410434 HILL | 30058640 | 06/08/2019 | 1 | 06/08/2019 | Reference material |